[Event "Oberliga Ost-A 2122"]
[Site "Germany"]
[Date "2021.10.10"]
[Round "1.2"]
[White "Richter, Leonard"]
[Black "Schubert, Thomas"]
[Result "1-0"]
[WhiteElo "2277"]
[BlackElo "2319"]
[PlyCount "93"]
[EventDate "2021.10.10"]
[EventType "team-tourn"]
[EventRounds "11"]
[EventCountry "GER"]
[SourceTitle "EXT 2023"]
[Source "ChessBase"]
[SourceDate "2022.10.05"]
[SourceVersion "1"]
[SourceVersionDate "2022.10.05"]
[SourceQuality "1"]
[WhiteTeam "Leipzig SG"]
[BlackTeam "Leipzig SG II"]
[WhiteTeamCountry "GER"]
[BlackTeamCountry "GER"]

1. e4 c6 2. d4 d5 3. e5 Bf5 4. Nd2 e6 5. Nb3 Nd7 6. Nf3 Ne7 7. Bd3 c5 8. dxc5 Nxc5 9. Nxc5 Qa5+ 10. c3 Qxc5 11. Qa4+ Nc6 12. Be3 Qa5 13. Qxa5 Nxa5 14. Bxf5 exf5 15. 0-0-0 Nc4 16. Rxd5 Nxe3 17. fxe3 g6 18. Rhd1 Bh6 19. R1d3 a6 20. Kd2 b5 21. Ke2 0-0 22. Rd7 Rfe8 23. Rb7 Rab8 24. Ra7 Ra8 25. Rdd7 Rxa7 26. Rxa7 Re6 27. Kd3 f6 28. Ra8+ Kg7 29. Kd4 fxe5+ 30. Kd5 Rb6 31. Nxe5 Bxe3 32. Nd7 Rb7 33. Kc6 Ra7 34. Rxa7 Bxa7 35. Kb7 Bg1 36. Kxa6 Bxh2 37. Kxb5 Kf7 38. a4 Ke7 39. Kc6 Kd8 40. a5 Kc8 41. a6 Bg1 42. c4 Ba7 43. b4 f4 44. b5 f3 45. gxf3 h5 46. b6 Bxb6 47. Kxb6 1-0

[Event "Oberliga Ost-A 1920"]
[Site "Germany"]
[Date "2020.01.19"]
[Round "7.1"]
[White "Schubert, Thomas"]
[Black "Strache, Michael"]
[Result "1/2-1/2"]
[WhiteElo "2317"]
[BlackElo "2281"]
[PlyCount "96"]
[EventDate "2019.09.29"]
[EventType "team-tourn"]
[EventRounds "11"]
[EventCountry "GER"]
[SourceTitle "EXT 2021"]
[Source "ChessBase"]
[SourceDate "2020.10.23"]
[SourceVersion "1"]
[SourceVersionDate "2020.10.23"]
[SourceQuality "1"]
[WhiteTeam "Leipzig SG II"]
[BlackTeam "Sangerhausen"]
[WhiteTeamCountry "GER"]
[BlackTeamCountry "GER"]

1. d4 f5 2. Nf3 Nf6 3. c4 g6 4. g3 Bg7 5. Bg2 0-0 6. 0-0 d6 7. Nc3 Qe8 8. d5 a5 9. Nd4 Na6 10. e4 fxe4 11. Nxe4 Nxe4 12. Bxe4 Bh3 13. Bg2 Bxg2 14. Kxg2 Nc5 15. Re1 Qf7 16. f4 Rac8 17. Ne6 Nxe6 18. Rxe6 Qf5 19. g4 Qf7 20. Qc2 Bd4 21. Rb1 Qg7 22. b3 Rf7 23. Re4 c5 24. Bd2 b6 25. Rbe1 Bc3 26. Qd3 Bxd2 27. Qxd2 Ra8 28. a4 Kf8 29. Qe3 Ke8 30. Qh3 Kd7 31. R1e2 Raf8 32. Qh4 Rg8 33. h3 Qf8 34. Rf2 Rgg7 35. Qh6 Rf6 36. g5 Rf5 37. Kg3 Qh8 38. Qh4 Rgf7 39. Qg4 Qa1 40. Kh2 Qb1 41. Re3 Qc1 42. Qe2 Qa1 43. Rf1 Qg7 44. Re4 Qf8 45. Qg4 Kd8 46. h4 Qh8 47. Kg3 Qb2 48. Qf3 Qg7 1/2-1/2

[Event "Oberliga Ost-A 1920"]
[Site "Germany"]
[Date "2019.12.07"]
[Round "4.1"]
[White "Schubert, Thomas"]
[Black "Burian, Simon"]
[Result "1-0"]
[WhiteElo "2317"]
[BlackElo "2225"]
[PlyCount "87"]
[EventDate "2019.09.29"]
[EventType "team-tourn"]
[EventRounds "11"]
[EventCountry "GER"]
[SourceTitle "EXT 2021"]
[Source "ChessBase"]
[SourceDate "2020.10.23"]
[SourceVersion "1"]
[SourceVersionDate "2020.10.23"]
[SourceQuality "1"]
[WhiteTeam "Leipzig SG II"]
[BlackTeam "Plauen Koenig II"]
[WhiteTeamCountry "GER"]
[BlackTeamCountry "GER"]

1. d4 Nf6 2. Nf3 c5 3. d5 b5 4. Bg5 Ne4 5. Bf4 Qa5+ 6. c3 d6 7. Nbd2 Nxd2 8. Nxd2 Ba6 9. e4 b4 10. cxb4 cxb4 11. Nc4 Bxc4 12. Bxc4 g6 13. Qd4 f6 14. Bd2 Nd7 15. Be2 Rb8 16. 0-0 Qc5 17. Qd3 Ne5 18. Qb3 Kf7 19. Be3 Qa5 20. f4 Nd7 21. Rac1 Bh6 22. Rc6 Nb6 23. Bg4 Rb7 24. Be6+ Kg7 25. Bd4 Rf8 26. e5 dxe5 27. fxe5 f5 28. d6 Bg5 29. Rc7 Rxc7 30. dxc7 Nc8 31. Qc4 b3 32. axb3 Qd2 33. Qc3 Qe2 34. Bc4 Qe4 35. Bb5 e6 36. Bc5 Rf7 37. Bd6 Be3+ 38. Kh1 Bd4 39. Qd3 Qh4 40. Ba6 Nb6 41. c8Q Nxc8 42. Bxc8 Bxb2 43. Bxe6 Rb7 44. Bc4 1-0

[Event "Oberliga Ost-A 1617"]
[Site "Germany"]
[Date "2017.05.07"]
[Round "11.3"]
[White "Schubert, Thomas"]
[Black "Puls, Thomas"]
[Result "1/2-1/2"]
[WhiteElo "2362"]
[BlackElo "2208"]
[PlyCount "60"]
[EventDate "2016.10.16"]
[EventType "team-tourn"]
[EventRounds "11"]
[EventCountry "GER"]
[SourceTitle "EXT 2018"]
[Source "ChessBase"]
[SourceDate "2017.10.13"]
[SourceVersion "1"]
[SourceVersionDate "2017.10.13"]
[SourceQuality "1"]
[WhiteTeam "Leipzig SG"]
[BlackTeam "Halle USV"]
[WhiteTeamCountry "GER"]
[BlackTeamCountry "GER"]

1. d4 f5 2. g3 Nf6 3. Bg2 g6 4. c4 Bg7 5. Nc3 d6 6. d5 0-0 7. Nh3 c6 8. Nf4 e5 9. dxe6 Qe7 10. h4 Bxe6 11. h5 Bf7 12. hxg6 hxg6 13. Qc2 Nbd7 14. b3 Nc5 15. Bb2 Ng4 16. Kf1 Ne6 17. Nd1 Nxf4 18. gxf4 Bxb2 19. Qxb2 Qf6 20. Qxf6 Nxf6 21. Nc3 Rad8 22. Rd1 Rd7 23. Rh3 Rfd8 24. Rhd3 Nh5 25. e3 Be6 26. Bf3 Nf6 27. Ke2 Kf7 28. Rd4 Ke7 29. Rh1 Kf7 30. Rhd1 Ke7 1/2-1/2

[Event "BL2-Ost 1516"]
[Site "Germany"]
[Date "2016.01.31"]
[Round "8.6"]
[White "Schubert, Thomas"]
[Black "Schoene, Maria"]
[Result "1-0"]
[WhiteElo "2344"]
[BlackElo "2264"]
[PlyCount "129"]
[EventDate "2015.09.20"]
[EventType "team-tourn"]
[EventRounds "9"]
[EventCountry "GER"]
[SourceTitle "CBM 171 Extra"]
[Source "ChessBase"]
[SourceDate "2016.04.26"]
[SourceVersion "1"]
[SourceVersionDate "2016.04.26"]
[SourceQuality "1"]
[WhiteTeam "Leipzig SG"]
[BlackTeam "Magdeburg"]
[WhiteTeamCountry "GER"]
[BlackTeamCountry "GER"]

1. d4 Nf6 2. Nf3 g6 3. c4 Bg7 4. Nc3 d6 5. h3 0-0 6. Bf4 Nfd7 7. e3 e5 8. Bh2 Nc6 9. Be2 Kh8 10. 0-0 h6 11. Qd2 f5 12. dxe5 dxe5 13. Rfd1 e4 14. Ne1 Nce5 15. Nd5 g5 16. f4 exf3 17. Nxf3 c6 18. Nc3 Qe7 19. Nxe5 Nxe5 20. Qd6 Qxd6 21. Rxd6 Nf7 22. Rd2 Be6 23. Na4 Rad8 24. Rad1 Rxd2 25. Rxd2 Rd8 26. Rxd8+ Nxd8 27. Bb8 a6 28. Bc7 Nf7 29. Nc5 Bc8 30. b3 Kg8 31. Kf2 Kf8 32. g4 f4 33. Ne4 fxe3+ 34. Kxe3 Ke7 35. Ng3 Kd7 36. Bb6 Be5 37. Nf5 Bh2 38. Kf2 Be5 39. Bd3 Ke6 40. Bc5 Bf6 41. Bf8 Ke5 42. Nxh6 Nxh6 43. Bxh6 Kd4 44. Ke2 Kc3 45. Bf5 Bxf5 46. gxf5 b5 47. cxb5 axb5 48. Bf8 Kd4 49. a4 bxa4 50. bxa4 Ke4 51. a5 Bd4 52. f6 Kf5 53. Be7 Ke6 54. Kd3 Ba7 55. Kc4 Kf7 56. a6 Ke6 57. Bc5 Bb8 58. Bd4 Kf7 59. Kd3 c5 60. Bc3 Ba7 61. Kc4 Ke6 62. Kb5 Kd7 63. Bd2 c4 64. Kxc4 Ke6 65. Bxg5 1-0

[Event "Oberliga Ost-A 1516"]
[Site "Germany"]
[Date "2016.01.17"]
[Round "7.1"]
[White "Schubert, Thomas"]
[Black "Plat, Vojtech"]
[Result "1/2-1/2"]
[WhiteElo "2345"]
[BlackElo "2458"]
[PlyCount "68"]
[EventDate "2015.09.20"]
[EventType "team-tourn"]
[EventRounds "11"]
[EventCountry "GER"]
[SourceTitle "EXT 2017"]
[Source "ChessBase"]
[SourceDate "2016.10.25"]
[SourceVersion "1"]
[SourceVersionDate "2016.10.25"]
[SourceQuality "1"]
[WhiteTeam "Leipzig SG II"]
[BlackTeam "Plauen Koenig"]
[WhiteTeamCountry "GER"]
[BlackTeamCountry "GER"]

1. d4 e6 2. c4 b6 3. Nf3 Bb7 4. a3 d6 5. Nc3 Nf6 6. d5 Be7 7. e4 0-0 8. Bd3 Nbd7 9. 0-0 Re8 10. h3 a5 11. Be3 Bf8 12. Rb1 c6 13. dxc6 Bxc6 14. b4 axb4 15. axb4 Ra3 16. Nd4 Rxc3 17. Nxc6 Qc7 18. Nd4 Rxd3 19. Qxd3 Ne5 20. Qc2 Qxc4 21. Qa4 Qd3 22. Nf3 Nc4 23. Bg5 Qxe4 24. Bxf6 Ra8 25. Qd7 gxf6 26. Rfe1 Qd3 27. Rbd1 Qb3 28. Ra1 Rxa1 29. Rxa1 d5 30. Ra7 Nd6 31. Ra8 Nf5 32. Qd8 Qb1+ 33. Kh2 Qxb4 34. Qxf6 Qf4+ 1/2-1/2

[Event "Oberliga Ost-A 1415"]
[Site "Germany"]
[Date "2015.01.18"]
[Round "7.1"]
[White "Schubert, Thomas"]
[Black "Plat, Vojtech"]
[Result "0-1"]
[WhiteElo "2343"]
[BlackElo "2432"]
[PlyCount "112"]
[EventDate "2014.09.21"]
[EventType "team-tourn"]
[EventRounds "11"]
[EventCountry "GER"]
[SourceTitle "EXT 2016"]
[Source "ChessBase"]
[SourceDate "2015.10.08"]
[SourceVersion "1"]
[SourceVersionDate "2015.10.08"]
[SourceQuality "1"]
[WhiteTeam "Leipzig SG II"]
[BlackTeam "Plauen Koenig"]
[WhiteTeamCountry "GER"]
[BlackTeamCountry "GER"]

1. d4 d6 2. Nf3 Bg4 3. e3 Nf6 4. Be2 Nbd7 5. 0-0 e5 6. c4 c6 7. dxe5 dxe5 8. Nc3 Be7 9. h3 Bh5 10. Nh4 Bg6 11. Nxg6 hxg6 12. b3 Qc7 13. Qc2 Rh4 14. e4 Bb4 15. Bg5 Bxc3 16. Bxh4 Bxa1 17. Rxa1 Nc5 18. f3 Ne6 19. c5 Nd4 20. Qc4 Rd8 21. Bf1 Ne6 22. Qc3 g5 23. Bf2 Nh5 24. b4 Nhf4 25. Kh1 Nd4 26. Rd1 Qd7 27. a4 a6 28. Qb2 Qe7 29. b5 axb5 30. axb5 Qxc5 31. bxc6 bxc6 32. Rc1 Qe7 33. Qb6 Nfe6 34. Bc4 Qa3 35. Rb1 Qa4 36. Bxd4 Qxc4 37. Bxe5 Kf8 38. Bc7 Rc8 39. Bd6+ Kg8 40. Bg3 Rd8 41. Qb2 c5 42. Be5 Qd3 43. Rc1 Qe3 44. Bc3 c4 45. Re1 Qc5 46. Qa1 Rd3 47. Qb2 Kh7 48. Rc1 f6 49. Qc2 Qe3 50. e5 f5 51. Bb4 Nf4 52. Re1 Qb6 53. Bc3 Rxc3 54. Qxf5+ Qg6 55. Qg4 Rc2 56. e6 Nd3 0-1

[Event "Oberliga Ost-A 1415"]
[Site "Germany"]
[Date "2014.11.09"]
[Round "4.1"]
[White "Zwahr, Paul"]
[Black "Schubert, Thomas"]
[Result "1/2-1/2"]
[WhiteElo "2362"]
[BlackElo "2343"]
[PlyCount "67"]
[EventDate "2014.09.21"]
[EventType "team-tourn"]
[EventRounds "11"]
[EventCountry "GER"]
[SourceTitle "EXT 2016"]
[Source "ChessBase"]
[SourceDate "2015.10.08"]
[SourceVersion "1"]
[SourceVersionDate "2015.10.08"]
[SourceQuality "1"]
[WhiteTeam "Dresden Gruen Weiss"]
[BlackTeam "Leipzig SG II"]
[WhiteTeamCountry "GER"]
[BlackTeamCountry "GER"]

1. e4 c6 2. d4 d5 3. Nd2 dxe4 4. Nxe4 Bf5 5. Ng3 Bg6 6. h4 h6 7. Nf3 Nd7 8. h5 Bh7 9. Bd3 Bxd3 10. Qxd3 Ngf6 11. Bd2 e6 12. 0-0-0 Be7 13. Kb1 0-0 14. Ne4 Nxe4 15. Qxe4 Nf6 16. Qe2 Qd5 17. Be3 a5 18. Nd2 a4 19. g4 a3 20. b3 Qa5 21. c4 Nxg4 22. c5 Qc3 23. Nc4 Nxe3 24. fxe3 f5 25. Rhg1 Bg5 26. Rc1 Qb4 27. Rg3 Rae8 28. Nd6 Re7 29. Rf3 Qa5 30. Qc2 Rf6 31. Rcf1 Qa6 32. Nc4 Qa8 33. Nd6 Qa6 34. Nc4 1/2-1/2

[Event "Oberliga Ost-A 1314"]
[Site "Germany"]
[Date "2014.03.16"]
[Round "9.3"]
[White "Schubert, Thomas"]
[Black "Moehn, Hans"]
[Result "1/2-1/2"]
[WhiteElo "2351"]
[BlackElo "2184"]
[PlyCount "43"]
[EventDate "2013.10.13"]
[EventType "team-tourn"]
[EventRounds "11"]
[EventCountry "GER"]
[SourceTitle "EXT 2015"]
[Source "ChessBase"]
[SourceDate "2014.11.20"]
[SourceVersion "1"]
[SourceVersionDate "2014.11.20"]
[SourceQuality "1"]
[WhiteTeam "Leipzig SG II"]
[BlackTeam "Dresden USV II"]
[WhiteTeamCountry "GER"]
[BlackTeamCountry "GER"]

1. d4 Nf6 2. Nf3 e6 3. c4 Bb4+ 4. Nbd2 b6 5. a3 Bxd2+ 6. Qxd2 Bb7 7. g3 0-0 8. Bg2 d6 9. 0-0 Nbd7 10. b4 a5 11. Bb2 axb4 12. axb4 b5 13. c5 Be4 14. Qe3 Qb8 15. Bh3 Qb7 16. Nd2 Rxa1 17. Rxa1 Ra8 18. Nxe4 Rxa1+ 19. Bxa1 Nxe4 20. Qa3 d5 21. Qa2 Nb8 22. f3 1/2-1/2

[Event "Oberliga Ost-A 1314"]
[Site "Germany"]
[Date "2013.11.09"]
[Round "2.4"]
[White "Schubert, Thomas"]
[Black "Matthey, Harald"]
[Result "1-0"]
[WhiteElo "2351"]
[BlackElo "2233"]
[PlyCount "93"]
[EventDate "2013.10.13"]
[EventType "team-tourn"]
[EventRounds "11"]
[EventCountry "GER"]
[SourceTitle "EXT 2015"]
[Source "ChessBase"]
[SourceDate "2014.11.20"]
[SourceVersion "1"]
[SourceVersionDate "2014.11.20"]
[SourceQuality "1"]
[WhiteTeam "Leipzig SG II"]
[BlackTeam "Loeberitz"]
[WhiteTeamCountry "GER"]
[BlackTeamCountry "GER"]

1. d4 Nf6 2. Nf3 e6 3. c4 Bb4+ 4. Nbd2 b6 5. a3 Bxd2+ 6. Qxd2 Bb7 7. g3 0-0 8. Bg2 Ne4 9. Qc2 f5 10. 0-0 d6 11. Ng5 Qf6 12. Nxe4 fxe4 13. Bxe4 Bxe4 14. Qxe4 c6 15. Be3 d5 16. Qc2 Nd7 17. Qa4 Rfc8 18. Rac1 a6 19. cxd5 exd5 20. Rc2 a5 21. Qb3 a4 22. Qd3 b5 23. Bf4 Qe6 24. f3 Re8 25. Re1 h6 26. Qc3 Rac8 27. e4 g5 28. Bd2 dxe4 29. Rxe4 Qd5 30. Qe3 Nf6 31. Re5 Qd7 32. Be1 Nd5 33. Qe4 Rxe5 34. dxe5 Qe6 35. Bf2 Re8 36. Bd4 Rf8 37. Kg2 Rf7 38. Bc5 Rd7 39. Bd6 Ne3+ 40. Qxe3 Rxd6 41. Re2 Rd1 42. Qe4 Rc1 43. Rd2 Rc4 44. Rd8+ Kg7 45. Qd3 g4 46. f4 c5 47. Rd6 1-0

[Event "BL2-Ost 1213"]
[Site "Germany"]
[Date "2013.04.14"]
[Round "9.3"]
[White "Pohl Kuemmel, Jens Uwe"]
[Black "Schubert, Thomas"]
[Result "1/2-1/2"]
[WhiteElo "2323"]
[BlackElo "2356"]
[PlyCount "128"]
[EventDate "2012.10.14"]
[EventType "team-tourn"]
[EventRounds "9"]
[EventCountry "GER"]
[SourceTitle "CBM 154 Extra"]
[Source "ChessBase"]
[SourceDate "2013.06.25"]
[SourceVersion "2"]
[SourceVersionDate "2013.06.25"]
[SourceQuality "1"]
[WhiteTeam "Neutraubling Wacker"]
[BlackTeam "Leipzig SG"]
[WhiteTeamCountry "GER"]
[BlackTeamCountry "GER"]

1. d4 Nf6 2. c4 e6 3. Nf3 Bb4+ 4. Bd2 a5 5. g3 d5 6. Qc2 Nc6 7. Bg2 dxc4 8. Qxc4 Qd5 9. Qd3 Qe4 10. Qxe4 Nxe4 11. e3 Bd7 12. 0-0 Nxd2 13. Nfxd2 a4 14. Nc4 Na5 15. Nbd2 Bb5 16. Rfc1 c6 17. a3 Nxc4 18. Nxc4 Be7 19. Bf1 Bxc4 20. Rxc4 0-0 21. Be2 Ra5 22. Rac1 Rfa8 23. f4 g6 24. Kf2 f6 25. R4c2 e5 26. dxe5 fxe5 27. Rd1 Rd8 28. Rxd8+ Bxd8 29. Rd2 Bb6 30. Rd7 exf4 31. gxf4 Rc5 32. Rxb7 Ba5 33. Ra7 g5 34. Kf3 gxf4 35. exf4 Kf8 36. Bd1 Bd2 37. Rxa4 Rh5 38. Rc4 c5 39. Ke4 Rxh2 40. Rxc5 Rh1 41. Bf3 Rb1 42. Rc2 Bc1 43. a4 Bxb2 44. a5 Ba1 45. Be2 Rb4+ 46. Bc4 Ra4 47. a6 Ke7 48. Kd5 Ra5+ 49. Kc6 Bd4 50. Bb5 Kf6 51. Rc4 Bg1 52. Rc1 Be3 53. Rf1 h5 54. Rf3 Bg1 55. Rh3 Kf5 56. Rxh5+ Kxf4 57. Rh1 Be3 58. Rb1 Ke5 59. Rb3 Bd4 60. Rb1 Ra3 61. Re1+ Re3 62. Rc1 Rg3 63. Re1+ Re3 64. Rxe3+ Bxe3 1/2-1/2

[Event "BL2-Ost 1112"]
[Site "Germany"]
[Date "2012.03.18"]
[Round "8.5"]
[White "Promyshlyanskiy, Vitaliy"]
[Black "Schubert, Thomas"]
[Result "0-1"]
[WhiteElo "2236"]
[BlackElo "2352"]
[PlyCount "70"]
[EventDate "2011.10.02"]
[EventType "team-tourn"]
[EventRounds "9"]
[EventCountry "GER"]
[SourceTitle "EXT 2015"]
[Source "ChessBase"]
[SourceDate "2014.11.20"]
[SourceVersion "1"]
[SourceVersionDate "2014.11.20"]
[SourceQuality "1"]
[WhiteTeam "Nuernberg"]
[BlackTeam "Leipzig SG"]
[WhiteTeamCountry "GER"]
[BlackTeamCountry "GER"]

1. e4 c6 2. d4 d5 3. e5 c5 4. dxc5 e6 5. Be3 Nh6 6. c3 Nf5 7. Bd4 Bd7 8. Nf3 Nc6 9. a3 a5 10. Nbd2 b6 11. cxb6 Nfxd4 12. Nxd4 Nxd4 13. b7 Rb8 14. cxd4 Rxb7 15. b3 Qb6 16. Qg4 h5 17. Qf4 g6 18. Qe3 Rc7 19. Be2 Bh6 20. f4 0-0 21. 0-0 Rfc8 22. Kh1 Rc3 23. Qf2 Bb5 24. Bxb5 Qxb5 25. Qh4 Qe2 26. Nf3 Rc2 27. Rg1 Qe4 28. Ng5 Bxg5 29. Qxg5 Qxd4 30. Rae1 Rf2 31. Rgf1 Rxf1+ 32. Rxf1 Qd3 33. Re1 Qd2 34. Qh4 Rc1 35. Qd8+ Kh7 0-1

[Event "BL2-Ost 1112"]
[Site "Germany"]
[Date "2011.10.24"]
[Round "2.7"]
[White "Monninger, Moritz Franz"]
[Black "Schubert, Thomas"]
[Result "0-1"]
[WhiteElo "2103"]
[BlackElo "2352"]
[PlyCount "90"]
[EventDate "2011.10.02"]
[EventType "team-tourn"]
[EventRounds "9"]
[EventCountry "GER"]
[SourceTitle "EXT 2015"]
[Source "ChessBase"]
[SourceDate "2014.11.20"]
[SourceVersion "1"]
[SourceVersionDate "2014.11.20"]
[SourceQuality "1"]
[WhiteTeam "Muenchen Tarrasch"]
[BlackTeam "Leipzig SG"]
[WhiteTeamCountry "GER"]
[BlackTeamCountry "GER"]

1. d4 Nf6 2. Bg5 d5 3. Bxf6 exf6 4. e3 Be6 5. Nd2 c5 6. dxc5 Bxc5 7. Nb3 Bb6 8. Nd4 Bxd4 9. Qxd4 Nc6 10. Qd2 Qb6 11. c3 Ne5 12. b3 0-0 13. Ne2 Rac8 14. Nd4 Rc5 15. Bd3 Rfc8 16. Rc1 Qc7 17. Nb5 Qa5 18. a4 a6 19. b4 Qxb4 20. cxb4 Rxc1+ 21. Ke2 Rxh1 22. Nd6 Rcc1 23. Bc2 Rcg1 24. Qc3 Rxg2 25. Qc7 Bg4+ 26. Kd2 Rxf2+ 27. Kc3 Nd7 28. Qc8+ Nf8 29. Qxg4 Rc1 30. Nxb7 Rfxc2+ 31. Kb3 Rc3+ 32. Kb2 R1c2+ 33. Kb1 Rxh2 34. Qd4 Rc4 35. Qxd5 Rxb4+ 36. Kc1 Rxa4 37. Kb1 Rg4 38. Qd1 Rb4+ 39. Ka1 Rxb7 40. e4 Re7 41. Qg1 Re2 42. Qg4 R7xe4 43. Qf5 Re5 44. Qd3 a5 45. Qb3 Re1+ 0-1

[Event "BL2-Ost 0910"]
[Site "Germany"]
[Date "2010.03.21"]
[Round "8.3"]
[White "Vasilevich, Tatjana"]
[Black "Schubert, Thomas"]
[Result "1/2-1/2"]
[WhiteElo "2423"]
[BlackElo "2367"]
[PlyCount "24"]
[EventDate "2009.10.18"]
[EventType "team-tourn"]
[EventRounds "9"]
[EventCountry "GER"]
[SourceTitle "EXT 2011"]
[Source "ChessBase"]
[SourceDate "2010.11.26"]
[SourceVersion "1"]
[SourceVersionDate "2010.11.26"]
[SourceQuality "1"]
[WhiteTeam "Aue Nickelhuette"]
[BlackTeam "Leipzig Mitte"]
[WhiteTeamCountry "GER"]
[BlackTeamCountry "GER"]

1. d4 Nf6 2. c4 c6 3. Nf3 d5 4. e3 g6 5. Nc3 Bg7 6. Bd3 0-0 7. h3 a6 8. 0-0 e6 9. b3 b5 10. Qc2 Bb7 11. Rd1 Nbd7 12. Bb2 Rc8 1/2-1/2

[Event "BL2-Ost 0910"]
[Site "Germany"]
[Date "2009.12.13"]
[Round "4.2"]
[White "Schubert, Thomas"]
[Black "Mischustov, Michael"]
[Result "1-0"]
[WhiteElo "2367"]
[BlackElo "2354"]
[PlyCount "49"]
[EventDate "2009.10.18"]
[EventType "team-tourn"]
[EventRounds "9"]
[EventCountry "GER"]
[SourceTitle "EXT 2011"]
[Source "ChessBase"]
[SourceDate "2010.11.26"]
[SourceVersion "1"]
[SourceVersionDate "2010.11.26"]
[SourceQuality "1"]
[WhiteTeam "Leipzig Mitte"]
[BlackTeam "Nuernberg"]
[WhiteTeamCountry "GER"]
[BlackTeamCountry "GER"]

1. d4 Nf6 2. Nf3 e6 3. c4 b6 4. a3 Ba6 5. Qc2 d5 6. cxd5 exd5 7. Ne5 Be7 8. Nc6 Qd7 9. Nxe7 Kxe7 10. Bg5 h6 11. Bxf6+ Kxf6 12. Nc3 Re8 13. 0-0-0 Bb7 14. e4 dxe4 15. d5 Na6 16. Nxe4+ Ke7 17. Nc3 Qg4 18. Bb5 Red8 19. Rhe1+ Kf8 20. Qh7 f5 21. Re3 Kf7 22. Rde1 Nc5 23. Be2 Qg5 24. h4 Rh8 25. Bh5+ 1-0

[Event "BL2-Ost 0708"]
[Site "Germany"]
[Date "2008.03.09"]
[Round "7.4"]
[White "Schubert, Thomas"]
[Black "Delitzsch, Juergen"]
[Result "1/2-1/2"]
[WhiteElo "2372"]
[BlackElo "2255"]
[PlyCount "40"]
[EventDate "2007.10.21"]
[EventType "team-tourn"]
[EventRounds "9"]
[EventCountry "GER"]
[SourceTitle "EXT 2009"]
[Source "ChessBase"]
[SourceDate "2008.11.26"]
[SourceVersion "1"]
[SourceVersionDate "2008.11.26"]
[SourceQuality "1"]
[WhiteTeam "Leipzig Mitte"]
[BlackTeam "Bindlach II"]
[WhiteTeamCountry "GER"]
[BlackTeamCountry "GER"]

1. d4 Nf6 2. Nf3 g6 3. c4 Bg7 4. Nc3 0-0 5. Bg5 c5 6. e3 cxd4 7. exd4 h6 8. Bh4 d6 9. Be2 Nh5 10. 0-0 f5 11. Ne1 Nf4 12. f3 Nc6 13. Bf2 e5 14. d5 Nd4 15. Bd3 Bd7 16. Kh1 Rc8 17. Rc1 Re8 18. Nc2 Qg5 19. Rg1 Nxd3 20. Qxd3 Nxc2 1/2-1/2